World Geography by letter B - Statistics

General Stats
  • This quiz has been taken 119 times
  • The average score is 13 of 15
Answer Stats
Hint Answer % Correct
Capital of China Beijing
99%
Fith biggest country in the world Brazil
99%
Country that is home to the headquarters of NATO Belgium
96%
Capital of Argentina Buenos Aires
96%
State in Southeast Germany Bavaria
93%
Large Sea in Eastern Europe Black Sea
92%
Commonly known as " the last dictatorship in Europe " Belarus
89%
Former name of Mumbai Bombay
89%
An area in the Western Atlantic, where disasters are known to happen Bermuda triangle
85%
Second biggest island in Indonesia Borneo
83%
Bay to the West of France Bay of Biscay
82%
An island in Canada, and a bay between Canada and Greenland Baffin
77%
Second largest Peninsula in Mexico Baja Peninsula
75%
Region with Belgium, The Netherlands, and Luxembourg Benelux
74%
Popular island for tourism in French Polynesia Bora Bora
48%
No matching quizzes found
Score Distribution
Percent of People with Each Score
Percentile by Number Answered
Your Score History
You have not taken this quiz